Cities X Lines : A new Lens for the Urbanistic project
Salvato in:
| Altri autori: | |
|---|---|
| Natura: | Libro |
| Pubblicazione: |
Harvard University Press,
2006
|
| Soggetti: | |
| Tags: |
Nessun Tag, puoi essere il primo ad aggiungerne!!
|
MARC
| LEADER | 00000nam a22000003a 4500 | ||
|---|---|---|---|
| 001 | stu154003 | ||
| 005 | 20150617225945.5 | ||
| 008 | 071212s2006----------------------------d | ||
| 020 | |a 88-8447-294-6 | ||
| 040 | |a STU |b slo | ||
| 041 | 0 | ||
| 100 | 1 | |a Busquets, Joan |4 edt | |
| 245 | 1 | |a Cities X Lines : |b A new Lens for the Urbanistic project | |
| 260 | |b Harvard University Press, |c 2006 | ||
| 300 | |a 347 s | ||
| 650 | 7 | |a urbanizmus |2 stusub | |
| 996 | |b 284AU03792 |c A*5694 |l AA6160 |s P |a 0 |w stu154003_0001 | ||